Statistics for Largest metropolitan areas in the world north of 45°N

Click here to take the quiz!

General Stats

  • This quiz has been taken 772 times
  • The average score is 14 of 24

Answer Stats

HintAnswer% Correct
55°45'00''Moscow11,844,000
96%
51°30'26''London11,140,000
95%
59°56'00''St. Petersburg5,131,000
90%
59°19'46''Stockholm2,127,000
88%
52°31'00''Berlin4,272,000
86%
48°51'24''Paris10,516,000
84%
52°14'00''Warsaw2,666,000
80%
53°33'55''Hamburg2,556,000
71%
50°27'00''Kiev2,847,000
63%
45°30'00''Montreal3,982,000
62%
53°29'00''Manchester2,637,000
61%
48°08'00''Munich2,078,000
60%
49°25'00''Vancouver2,443,000
60%
52°28'59''Birmingham2,697,000
57%
53°54'00''Minsk2,101,000
56%
48°12'00''Vienna2,419,000
49%
47°36'35''Seattle3,610,000
45%
47°29'33''Budapest2,551,000
40%
53°47'59''Leeds2,059,000
33%
45°27'45''Milan4,575,000
31%
45°31'12''Portland2,315,000
25%
45°45'00''Harbin6,705,000
18%
51°27'03''Ruhrgebiet4,492,000
18%
50°15'35''Katowice2,775,000
9%

Score Distribution

Percentile by Number Answered

Percent of People with Each Score

Your Score History

You have not taken this quiz